| 000 | 00714cam a22002291 4500 | ||
|---|---|---|---|
| 001 | ne 67000399 | ||
| 003 | DLC | ||
| 005 | 20260227111830.0 | ||
| 008 | 900608m19631964iq b b 000 0 arar | ||
| 010 | _ane 67000399 | ||
| 035 | _a(OCoLC)21743926 | ||
| 040 |
_aDLC _cWaU _dWaU _dDLC |
||
| 042 | _apremarc | ||
| 043 | _aa-iq--- | ||
| 050 | 0 | 0 |
_aHG1555 _b.J3 |
| 100 | 1 | _aJāsim, Muḥammad ʻAlī Riḍā. | |
| 245 | 1 | 3 |
_aal-Iʼtimām wa-al-ṣayrafah fī al-ʻIrāq al-qadīm _c[taʼlīf] Muḥammad ʻAlī Riḍā al-Jāsim. |
| 260 |
_aBaghdād, _bMat̄ābi Dār al-Taḍāmun, _c1963-64. |
||
| 300 |
_a125 p. _bfold. map. _c22 cm. |
||
| 504 | _aBibliography: p. 123-125. | ||
| 650 | 0 |
_aBanks and banking _zIraq. |
|
| 999 |
_c49423 _d49423 |
||